00000000cas 2200000zi 4500
0019.921782
003CaOODSP
00520260128083121
006m     o  d f      
007cr cn ||||||||
008230418c20189999nkcar p o    f0###a0eng|d
022 |a2817-3279
040 |aCaOODSP|beng|erda|cCaOODSP
043 |an-cn---
0861 |aAC2-13E-PDF
1102 |aAtlantic Canada Opportunities Agency.|eauthor, |eissuing body.
222 0|aReview on official languages ... |b(Atlantic Canada Opportunities Agency)
24510|aReview on official languages ...
2461 |iIssue for 2023/2024 has title: |aReview regarding the implementation of Part VII of the Official Languages Act
264 1|a[Moncton, New Brunswick] : |bAtlantic Canada Opportunities Agency, |c[2017]-
310 |aAnnual
336 |atext|btxt|2rdacontent
337 |acomputer|bc|2rdamedia
338 |aonline resource|bcr|2rdacarrier
3621 |aBegan with: 2017/2018.
500 |aIssued also in French under title: Bilan sur les langues officielles ...
588 |aDescription based on: 2022/2023.
588 |aLatest issue consulted: 2023/2024.
61020|aAtlantic Canada Opportunities Agency|vPeriodicals.
650 0|aBilingualism|zCanada|vPeriodicals.
650 0|aLanguage policy|zCanada|vPeriodicals.
655 7|aPeriodicals|2lcgft
77508|tBilan sur les langues officielles ...|w(CaOODSP)9.921783